| 000 | 00874nmc a2200325 a 4500 | ||
|---|---|---|---|
| 003 | AR-BaBNM | ||
| 005 | 20251128205630.0 | ||
| 008 | 038019s1990 ||||||||||||||000 | spa|| | ||
| 020 | _a84-348-3075-2 | ||
| 040 | _cAR-BaBNM | ||
| 100 | 1 | _aCortés Salinas, José Luis | |
| 245 | 1 | 0 | _aEl imperio romano |
| 260 |
_aMadrid _bIncafo _bUNESCO _c1990 |
||
| 300 | 0 |
_a31 p. _bil., láms.,mapas |
|
| 490 | 0 |
_aEl patrimonio de la humanidad _vv. 17 |
|
| 650 | 4 | _aGESTION CULTURAL | |
| 650 | 4 | _aBIENES CULTURALES | |
| 650 | 4 | _aPATRIMONIO CULTURAL | |
| 650 | 4 | _aPOLITICA CULTURAL | |
| 650 | 4 | _aSOCIOLOGIA CULTURAL | |
| 650 | 4 | _aHISTORIA CULTURAL | |
| 650 | 4 | _aHISTORIA ANTIGUA | |
| 650 | 4 | _aTURISMO CULTURAL | |
| 651 | 4 | _aRoma | |
| 653 | 0 | _aIMPERIO ROMANO | |
| 653 | 0 | _aHISTORIA ROMANA | |
| 800 | 1 |
_aAritio, Luis Blas _edirector |
|
| 942 | _cBK | ||
| 998 | _cMariana | ||
| 999 |
_c12176 _d12176 |
||